01688nam a22001937a 450000500170000000800410001704000070005804100120006508200170007710000190009410000360011324500720014926000400022130000260026136500600028752009730034765000120132065001620133220260116110515.0260114b |||||||| |||| 00| 0 eng d cAL aKannada aK894.3bRAVH aRavi belagere  dರವಿ ಬೆಳಗೆರೆ aHeli hogu kaarana bಹೇಳಿ ಹೋಗು ಕಾರಣ aBengalurubBhavana prakashanac2025 a339 p.bPBc21x14 cm. aKSCR-000703b₹280.00c₹d₹350.00e20%f13-01-2026 a'ಹೇಳಿ ಹೋಗು ಕಾರಣ' (Heli Hogu Kaarana) ರವಿ ಬೆಳಗೆರೆಯವರ ಜನಪ್ರಿಯ ಕಾದಂಬರಿಯಾಗಿದ್ದು, ಇದು ಪ್ರೀತಿ, ಮೋಸ, ನಂಬಿಕೆ ಮತ್ತು ಯೌವನದ ಭಾವನೆಗಳನ್ನು ಆಳವಾಗಿ ಚಿತ್ರಿಸುತ್ತದೆ; ಪ್ರೇಮಿಗಳ ನಡುವಿನ ಸಂಬಂಧಗಳ ತಿರುವುಗಳು, ನಿರೀಕ್ಷೆಗಳು, ನೋವುಗಳು ಮತ್ತು ಅವುಗಳ ಕಾರಣಗಳನ್ನು ಹುಡುಕುವ ಪ್ರಯತ್ನವನ್ನು ಈ ಕಥೆ ಹೇಳುತ್ತದೆ, ಓದುಗರಲ್ಲಿ ಆಳವಾದ ಪರಿಣಾಮ ಬೀರುತ್ತದೆ ಮತ್ತು ಹಲವು ಯುವಜನರ ಮನಸ್ಸಿನಲ್ಲಿ ಪ್ರಶ್ನೆಗಳನ್ನು ಹುಟ್ಟುಹಾಕುತ್ತದೆ aFiction aA passionate love story, it depicts the struggle of the protagonist Himwant to maintain his love, as well as the betrayal and ups and downs of trust in love.